000 01013nam a22003017a 4500
003 CHAP
005 20220329140208.0
008 971013c19651959 r 00010 d
010 _a48386
011 _a49358
035 _a53506
040 _cCHAP
090 _aFolleto 445
100 0 0 _aRichardson Wood and Co. New York.
_997261
245 _aCómo iniciar una nueva fábrica o taller ; aspectos elementales de exigencias de fábricas
260 _aMéxico, D. F. :
_bCentro Regional de Ayuda Técnica,
_c1965 (c.1959)
300 _a58 p.
_b: ilus.
490 _aSerie de pequeñas industrias
590 _aBATCH-UPD
_b10
_c20130110
_lUCH01
_h1957
590 _aBATCH-UPD
_b10
_c20130410
_lUCH01
_h1318
590 _aBATCH-UPD
_b10
_c20130914
_lUCH01
_h1633
590 _aCONVERSION
_b10
_c20130109
_lUCH01
_h1326
650 1 4 _aIndustria
_xOrganización.
_957757
830 0 _aSerie de pequeñas industrias
_9104771
901 _aBK
942 _cFOLL
949 _aFolleto 445
_bBC
_cFOLL
_d-118607
_eTS1
_i53506
_si
999 _c48386
_d48386